UM Logo

The concise book of the moving body / (Record no. 23720)

MARC details
000 -LEADER
fixed length control field 01114nam a22002177a 4500
005 - DATE AND TIME OF LATEST TRANSACTION
control field 20250922100952.0
008 - FIXED-LENGTH DATA ELEMENTS--GENERAL INFORMATION
fixed length control field 250910b |||||||| |||| 00| 0 eng d
020 ## - INTERNATIONAL STANDARD BOOK NUMBER
International Standard Book Number 28743
082 ## - DEWEY DECIMAL CLASSIFICATION NUMBER
Classification number DC 612.7 J29 2026
100 ## - MAIN ENTRY--PERSONAL NAME
Personal name Jarmey, Chris.
9 (RLIN) 67355
245 ## - TITLE STATEMENT
Title The concise book of the moving body /
Statement of responsibility, etc. Chris Jarmey.
250 ## - EDITION STATEMENT
Edition statement Second edition.
260 ## - PUBLICATION, DISTRIBUTION, ETC. (IMPRINT)
Place of publication, distribution, etc. Illinois :
Name of publisher, distributor, etc. Lotus Books,
Date of publication, distribution, etc. ©2026.
300 ## - PHYSICAL DESCRIPTION
Extent 208 pages :
Other physical details illustrations (some colors) ;
Dimensions 24 cm.
500 ## - GENERAL NOTE
General note Includes references and index.
520 ## - SUMMARY, ETC.
Summary, etc. "This book is for students and the general reader. The first seven chapters explain anatomical orientation, tissues, bone, the axial and<br/>appendicular skeletons, joints, and skeletal muscle and fascia. The last two chapters illustrate the muscle groups of the body's four major<br/>regions detailing each region's deep and superficial muscles in both anterior and posterior views. Tables show each muscle's origin, insertion,<br/>innervation, and action"
650 #0 - SUBJECT ADDED ENTRY--TOPICAL TERM
Topical term or geographic name as entry element Musculoskeletal system.
9 (RLIN) 68001
650 #0 - SUBJECT ADDED ENTRY--TOPICAL TERM
Topical term or geographic name as entry element Human locomotion.
9 (RLIN) 68002
650 #0 - SUBJECT ADDED ENTRY--TOPICAL TERM
Topical term or geographic name as entry element Human mechanics.
9 (RLIN) 68003
942 ## - ADDED ENTRY ELEMENTS (KOHA)
Source of classification or shelving scheme Dewey Decimal Classification
Koha item type Circulation
Holdings
Withdrawn status Lost status Source of classification or shelving scheme Damaged status Not for loan Collection code Home library Current library Date acquired Source of acquisition Cost, normal purchase price Total Checkouts Full call number Barcode Date last seen Price effective from Koha item type
    Dewey Decimal Classification     Circulation UM Digos College - LIC UM Digos College - LIC 08/11/2025 Purchased 2880.00   DC 612.7 J29 2026 28744 09/10/2025 09/10/2025 Circulation